000 01506nam a22002777a 4500
001 7238
003 FISKH
005 20250703143245.0
008 250703b cb ||||| |||| 00| 0 eng d
040 _aFISKH
_beng
_cFISKH
_dFISKH
050 _aPZ7
082 _a813
100 _aGaydos, Nora
245 _aHam and cheese:
_bRead it, write it, draw it /
_cWritten by Nora Gaydos ; Illustrated by Sholto Walker
260 _aNorwalk :
_bInnovative Kids,
_c2009.
300 _a32 pages :
_bcolor illustrations ;
_c23 cm
490 _aNow i'm reading :
_vLevel 3
505 _aH
520 _aThis extension of the award-winning, best-selling series by acclaimed author, Nora Gaydos, engages kids in an entertaining, hands-on reading, writing, and drawing experience! Includes more than 20 stickers. Level 3 - The Reading section mixes mixed complex vowel words, advanced word skills, more complex sentences, challenging vocabulary. The Writing section teaches story retelling, continued spelling practice, practice writing words and sentences. The Drawing section allows the completion of illustrations to match a story, independent expression of text in illustrations.Ham and Cheese are the perfect farm animals, but what are they secretly cooking up when the farmer and his wife aren't looking?
521 8 _a430
_bLexile estimate
521 8 _aH
_bRaz-Plus
650 _aFarm Animala
_vCheese
700 _aWalker, Sholto
_eillustrator
942 _2ddc
_cBK
_n0
999 _c7238
_d7238